Marki samochodów A-Z - Statystyki

Ogólne statystyki
  • Ten quiz został rozwiązany 631 razy
  • Średni wynik to 15 z 20
Statystyki odpowiedzi
Obrazkowy Odpowiedź % Poprawnych
Audi
100%
Bentley
96%
Fiat
93%
Jaguar
88%
Nissan
87%
Opel
87%
Peugeot
86%
Citroen
85%
Hyundai
85%
Lancia
85%
Mazda
85%
Tesla
85%
Seat
84%
Dacia
80%
Renault
80%
Volkswagen
78%
Infiniti
57%
Koenigsegg
41%
XPeng
5%
Elaris
4%
Nie znaleziono quizów pasujących do podanych kryteriów
Rozkład punktacji
Procent ludzi z każdym wynikiem
Percentyl według liczby udzielonych odpowiedzi
Twoja historia wyników
Nie rozwiązałeś tego quizu